【プロ野球】2025年 横浜DeNAベイスターズ 応援歌 - Statistics

General Stats
  • This quiz has been taken 72 times
    67 since last reset
  • The average score is 17 of 29
Answer Stats
応援歌 選手名 % Correct
オオオオー オオオオーオオオオーオオ 〇〇! オオオオオ オオオオオ 届け 我らの声 鍛えたそのパワー かっとばせ 勝利をさぁ目指せ ホームラン 牧秀悟
94%
今だ〇〇喰らいつけ 燃えろガッツマン突っ走れどこまでも 勝利を呼ぶ男 桑原将志
93%
夢を運ぶひと振り 君が刻むヒストリー蒼く光る彗星 打てよ〇〇〇〇 オースティン
87%
シャープに打ち返し 勝利へ導け強く速く風のように 走り抜け〇〇 林琢真
83%
蒼き戦士の闘志 果敢に突き進めハマの空に弧を描け 進めShiny Road 佐野恵太
83%
煌めくこの空に 夢の軌道描け今この歓声 打てよ勝利のために 度会隆輝
78%
スタジアムのヒーロー 輝く星となれ歓声背に受け ダイヤモンド駆け抜けろ 森敬斗
76%
横浜の空高く ホームランかっ飛ばせ 〇〇ー! さあ打て〇〇 飛ばせ空の彼方 横浜に輝く大砲 かっ飛ばせホームラン 筒香嘉智
76%
奮い立て 横浜の大黒柱よさあ打て飛ばせ勝利への 扉を開け 戸柱恭孝
70%
さあ走り出せ 浜風背に受け秘めた想いつないで 輝け〇〇 京田陽太
69%
期待を背負い 頂き目指しハマの未来を担え 〇〇〇〇 山本祐大
67%
琉球の波に乗って 潮風を背に受け冴えわたる神業 オーーー島人の星 神里和毅
65%
うちに秘めた想い 一打に懸けろ走り出すその先には 〇〇の夢がある 関根大気
65%
Go!Go! Let's Go 跳ねろマウンド 三振奪取決まってるぜリーゼント 勝利だ〇〇 三浦大輔
65%
歓喜の瞬間を その手で創るため高鳴る胸に秘められた 覚悟を示す時 伊藤光
63%
さあ振り抜け〇〇 気迫あふれるパワーで夢描け鮮やかに 空高く 宮﨑敏郎
61%
覚悟を決めて振りぬけ 打球が風を切り裂き夢運ぶ 打てよ勝利への一打 松尾汐恩
59%
鋭い打球を スタンドへ突き刺せ 夢と希望載せて GO!〇〇〇〇 フォード
57%
誇らしきひと振りは 努力の証揺るがぬ志で 今突き進め 三森大貴
52%
颯爽と駆けろ 蒼く湧く横浜のさあ突き進め勝利への道 星をつかめ 梶原昂希
52%
狙い澄ましたミートと 巧みなグラブ捌きは努力というかけらの 結晶の証だ 柴田竜拓
50%
儚き夢追いこの地へ 導かれ青の誇り胸に 空に花咲かせろ ビシエド
50%
港男は誰も みんな答えが出せるさ Go Go Let's Go! 代打のテーマ
41%
いざ進め〇〇 その手で舵をとれ幾多の試練乗り越え 戦え〇〇 捕手のテーマ
26%
たたかうぞ 闘志みなぎらせて勝利の海 行くぞベイスターズ 投手のテーマ
26%
ここで一発〇〇! ここで一発〇〇!ライトへレフトへホームラン それゆけ それゆけ それゆけ 〇〇! その他の右打者
24%
オイ!オイ! 〇〇 〇〇オイ!オイ! オイオイ 外国人投手のテーマ
24%
出た出たついに 必殺バットマン白い弾丸打ち込んで ガッツポーズだ その他の左打者
20%
左腕がうなれば 狙いははずさないピンポイントの技 攻めて攻めろ〇〇! 先発左腕のテーマ
15%
No matching quizzes found
Score Distribution
Percent of People with Each Score
Percentile by Number Answered
Your Score History
You have not taken this quiz since the last reset